书目信息 |
| 题名: |
杰出青少年的9大能力
|
|
| 作者: | 张国诚 编著 | |
| 分册: | ||
| 出版信息: | 北京 中国商业出版社 2004 |
|
| 页数: | 288页 | |
| 开本: | 21cm | |
| 丛书名: | ||
| 单 册: | ||
| 中图分类: | B848.2-49 | |
| 科图分类: | ||
| 主题词: | 能力培养--neng li pei yang--青年读物 , 能力培养--neng li pei yang | |
| 电子资源: | ||
| ISBN: | 7-5044-5058-8 | |
| 000 | 00900nam0 2200241 45 | |
| 001 | 002795418 | |
| 005 | 20061226103305.14 | |
| 010 | @a7-5044-5058-8@dCNY19.80 | |
| 100 | @a20050113d2004 em y0chiy0110 ea | |
| 101 | 0 | @achi |
| 102 | @aCN@b110000 | |
| 105 | @ay z 000yy | |
| 200 | 1 | @a杰出青少年的9大能力@Ajie chu qing shao nian de 9 da neng li@f张国诚编著 |
| 210 | @a北京@c中国商业出版社@d2004 | |
| 215 | @a288页@d21cm | |
| 330 | @a本书作者告诫广大青少年朋友, 在成功的路上没有捷径, 只有依靠“自我能力”实现自立自助的独立生活, 找到健全自我的开端, 成就大事的资本, 最后才能赢得人生价值的标杆。 | |
| 510 | 1 | @a9 Abilities of the outstanding teenagers@zeng |
| 606 | 0 | @a能力培养@Aneng li pei yang@j青年读物 |
| 606 | 0 | @a能力培养@Aneng li pei yang |
| 690 | @aB848.2-49@v4 | |
| 701 | 0 | @a张国诚@Azhang guo cheng@9zhang guo cheng@4编著 |
| 801 | 0 | @aCN@c20061226 |
| 905 | @a10447@dB848.2-49@eZ100 | |
| 杰出青少年的9大能力/张国诚编著.-北京:中国商业出版社,2004 |
| 288页;21cm |
| ISBN 7-5044-5058-8:CNY19.80 |
| 本书作者告诫广大青少年朋友, 在成功的路上没有捷径, 只有依靠“自我能力”实现自立自助的独立生活, 找到健全自我的开端, 成就大事的资本, 最后才能赢得人生价值的标杆。 |
| ● |
| 相关链接 |
|
|
|
正题名:杰出青少年的9大能力
索取号:B848.2-49/Z100
 
预约/预借
| 序号 | 登录号 | 条形码 | 馆藏地/架位号 | 状态 | 备注 |
| 1 | 641224 | 206412247 | 社科库509/509社科库 41排4列4层/ [索取号:B848.2-49/Z100] | 在馆 | |
| 2 | 641225 | 206412256 | 社科库509/509社科库 41排4列4层/ [索取号:B848.2-49/Z100] | 在馆 | |
| 3 | 641226 | 206412265 | 社科库509/509社科库 41排4列4层/ [索取号:B848.2-49/Z100] | 在馆 |